| 000 -LEADER |
| fixed length control field |
01657 a2200265 4500 |
| 003 - CONTROL NUMBER IDENTIFIER |
| control field |
OSt |
| 005 - DATE AND TIME OF LATEST TRANSACTION |
| control field |
20180116192338.0 |
| 008 - FIXED-LENGTH DATA ELEMENTS--GENERAL INFORMATION |
| fixed length control field |
120525t xxu||||| |||| 00| 0 eng d |
| 020 ## - INTERNATIONAL STANDARD BOOK NUMBER |
| International Standard Book Number |
1876907266 (hardcover) |
| 020 ## - INTERNATIONAL STANDARD BOOK NUMBER |
| International Standard Book Number |
9781876907266 (hardcover) |
| 040 ## - CATALOGING SOURCE |
| Transcribing agency |
0 |
| 082 04 - DEWEY DECIMAL CLASSIFICATION NUMBER |
| Classification number |
720 |
| 100 1# - MAIN ENTRY--PERSONAL NAME |
| Personal name |
Photographers, International Architectural. |
| 9 (RLIN) |
2224 |
| 245 10 - TITLE STATEMENT |
| Title |
Through the lens : |
| Remainder of title |
international architectural photographers / |
| Statement of responsibility, etc. |
International Architectural Photographers. |
| 250 ## - EDITION STATEMENT |
| Edition statement |
illustrated edition ed. |
| 260 ## - PUBLICATION, DISTRIBUTION, ETC. |
| Place of publication, distribution, etc. |
Victoria : |
| Name of publisher, distributor, etc. |
Images Publishing Dist A/C, |
| Date of publication, distribution, etc. |
2002. |
| 300 ## - PHYSICAL DESCRIPTION |
| Extent |
224 p. : |
| Other physical details |
ill., |
| Dimensions |
31 cm. |
| 500 ## - GENERAL NOTE |
| General note |
Includes index. |
| 520 ## - SUMMARY, ETC. |
| Summary, etc. |
Max Dupain, a famous Australian photographer well known for his architectural photography, once said words to the effect: A photographer of architecture takes the building cycle full circle in reducing a completed building to a similar scale of the original drawings, but with details and textures that were previously only imagined by the architect, into a two-dimensional beautiful image, which is the architect's delight. For many years, IMAGES has featured the work of the world's finest architectural photographers in their publications. This book is a celebration of and a tribute to the unsung heroes behind the lens, those geniuses of light and shadow, who can make even the most mundane building come to life. |
| 650 0# - SUBJECT ADDED ENTRY--TOPICAL TERM |
| Topical term or geographic name entry element |
Architectural photography |
| 9 (RLIN) |
2225 |
| 650 0# - SUBJECT ADDED ENTRY--TOPICAL TERM |
| Topical term or geographic name entry element |
Architecture |
| 9 (RLIN) |
2226 |
| 856 40 - ELECTRONIC LOCATION AND ACCESS |
| Materials specified |
Amazon.com |
| Uniform Resource Identifier |
<a href="http://www.amazon.com/exec/obidos/ASIN/1876907266/chopaconline-20">http://www.amazon.com/exec/obidos/ASIN/1876907266/chopaconline-20</a> |
| 942 ## - ADDED ENTRY ELEMENTS (KOHA) |
| Institution code [OBSOLETE] |
SADA |
| Koha item type |
Book |
| Call number prefix |
720 THR 2002 |
| Source of classification or shelving scheme |
|